[Event "CHI-ch (Women)"]
[Site "Santiago de Chile"]
[Date "2015.01.16"]
[Round "6"]
[White "Abarca Gonzalez, Damaris"]
[Black "Marchant Salgado, Victoria"]
[Result "1-0"]
[WhiteElo "2052"]
[BlackElo "1564"]
[PlyCount "73"]
[EventDate "2015.01.13"]
[EventType "swiss"]
[EventRounds "9"]
[EventCountry "CHI"]
[SourceTitle "CBM 164 Extra"]
[Source "ChessBase"]
[SourceDate "2015.03.02"]
[SourceVersion "1"]
[SourceVersionDate "2015.03.02"]
[SourceQuality "1"]

1. e4 c6 2. d4 d5 3. Nc3 dxe4 4. Nxe4 Nd7 5. Nf3 Ngf6 6. Ng3 g6 7. Bc4 Bg7 8. 0-0 Nb6 9. Bb3 0-0 10. c3 a5 11. a4 Re8 12. Re1 Nbd5 13. Ne5 Be6 14. h4 h5 15. Qc2 Kh7 16. Nxg6 fxg6 17. Rxe6 Qd7 18. Re5 Rg8 19. Bc4 Ng4 20. Rxh5+ Nh6 21. Bd3 Nf4 22. Bxf4 Qg4 23. Bd2 Raf8 24. Rg5 Qxg5 25. Bxg5 Bf6 26. Bxf6 Rxf6 27. Bxg6+ Kh8 28. h5 Ng4 29. Ne4 Rf4 30. Re1 Rgf8 31. Re2 e5 32. f3 Nh6 33. dxe5 Rh4 34. Qd2 Rhf4 35. Nf6 Kg7 36. Qxf4 Ng8 37. Rd2 1-0